Kalid Babul Hajj : / کليد باب الحج (Record no. 26925)

MARC details
000 -LEADER
fixed length control field 00479nam a22001697a 4500
003 - CONTROL NUMBER IDENTIFIER
control field BDDh-ASL
005 - DATE AND TIME OF LATEST TRANSACTION
control field 20231015030712.0
008 - FIXED-LENGTH DATA ELEMENTS--GENERAL INFORMATION
fixed length control field 211020n i ||||| |||| 00| 0 u d
040 ## - CATALOGING SOURCE
Original cataloging agency BDDh-ASL
Transcribing agency BDDh-ASL
082 ## - DEWEY DECIMAL CLASSIFICATION NUMBER
Classification number 297.352
Item number ALK
100 1# - MAIN ENTRY--PERSONAL NAME
9 (RLIN) 5259
Personal name Ali, Munshi Mohammad Syed Anwar
245 10 - TITLE STATEMENT
Title Kalid Babul Hajj : / کليد باب الحج
260 ## - PUBLICATION, DISTRIBUTION, ETC.
Place of publication, distribution, etc. Kanpur :
Name of publisher, distributor, etc. Nawal Kishore ,
300 ## - PHYSICAL DESCRIPTION
Extent 116 p. :
Dimensions 26 cm.
650 #0 - SUBJECT ADDED ENTRY--TOPICAL TERM
9 (RLIN) 5260
Topical term or geographic name entry element Islam, Hajj
942 ## - ADDED ENTRY ELEMENTS (KOHA)
Source of classification or shelving scheme Dewey Decimal Classification
Koha item type Books
Holdings
Withdrawn status Lost status Source of classification or shelving scheme Damaged status Not for loan Collection code Home library Current library Shelving location Date acquired Source of acquisition Serial Enumeration / chronology Total Checkouts Full call number Barcode Date last seen Copy number Price effective from Koha item type
    Dewey Decimal Classification     Non-fiction Asiatic Society Library Asiatic Society Library General Stacks 10/20/2021 ASB Library Collection U-0460   297.352 ALK 112987 10/20/2021 C-1 10/20/2021 Books

Powered by Koha